Bizonytalanság
Elmentve itt :
| Szerző: | |
|---|---|
| Dokumentumtípus: | Cikk |
| Megjelent: |
1970
|
| Sorozat: | Magunk : a JATE Móra Ferenc Kollégiumának időszakosan megjelenő lapja
9 |
| Kulcsszavak: | Szépirodalom |
| Online Access: | http://univ.bibl.u-szeged.hu/2184 |
| LEADER | 00610nab a2200181 i 4500 | ||
|---|---|---|---|
| 001 | univ2184 | ||
| 005 | 20171214090718.0 | ||
| 008 | 170606s1970 hu o 0|| hun d | ||
| 040 | |a SZTE UnivHistória Repozitórium |b hun | ||
| 041 | |a hun | ||
| 100 | 1 | |a Szakács Edit | |
| 245 | 1 | 0 | |a Bizonytalanság |h [elektronikus dokumentum] / |c Szakács Edit |
| 260 | |c 1970 | ||
| 300 | |a 10 | ||
| 490 | 0 | |a Magunk : a JATE Móra Ferenc Kollégiumának időszakosan megjelenő lapja |v 9 | |
| 561 | |a Egyetemi, hallgatói élet | ||
| 695 | |a Szépirodalom | ||
| 856 | 4 | 0 | |u http://univ.bibl.u-szeged.hu/2184/1/magunk_009_010.pdf |z Dokumentum-elérés |